Génesis y clasificación de suelos
Saved in:
| Hovedforfatter: | |
|---|---|
| Andre forfattere: | , |
| Format: | Bog |
| Sprog: | spansk |
| Udgivet: |
Ciudad de México
Trillas
1990
|
| Udgivelse: | Segunda edición |
| Fag: | |
| Tags: |
Tilføj Tag
Ingen Tags, Vær først til at tagge denne postø!
|
MARC
| LEADER | 00000nam a2200000 a 4500 | ||
|---|---|---|---|
| 001 | UCO5896 | ||
| 003 | CL-VaPUC | ||
| 005 | 20211117074540.0 | ||
| 008 | 000915e19900000MX |||||||||||||||||spa|d | ||
| 999 | |c 291716 |d 291714 | ||
| 020 | |a 9682439310 | ||
| 040 | |c Pontificia Universidad Católica de Valparaíso | ||
| 082 | 0 | 4 | |a 631.4 BUO 1990 |2 21 |
| 100 | 0 | |a Buol, S. W |9 450677 | |
| 245 | 1 | 0 | |a Génesis y clasificación de suelos |
| 250 | |a Segunda edición | ||
| 260 | |a Ciudad de México |b Trillas |c 1990 | ||
| 300 | |a 417 páginas | ||
| 583 | |a last modification |c 20000915 00:00:00 |k Rodrigo Vera | ||
| 650 | 0 | |a Suelos |9 260322 | |
| 650 | 7 | |a CIENCIA DEL SUELO |2 CL-VaPUC |9 407426 | |
| 650 | 0 | |a Composición del suelo |9 392557 | |
| 650 | 7 | |a PERFILES DE LOS SUELOS |2 CL-VaPUC |9 450676 | |
| 650 | 0 | |a Geografía física |9 259347 | |
| 650 | 0 | |a Propiedades del suelo |9 350106 | |
| 700 | 0 | |a Hole, F. D |9 450678 | |
| 700 | 0 | |a McCracken, R. J |9 450679 | |
| 942 | |c BK |2 ddc | ||
| 945 | |d 20000915 00:00:00 |a cmena | ||
| 952 | |0 0 |1 0 |2 ddc |4 0 |6 631_400000000000000_BUO_1990 |7 0 |8 A |9 341851 |a BIBAGR |b BIBAGR |d 2019-11-20 |i 4043642 |l 3 |o 631.4 BUO 1990 |p 4043642 |r 2025-01-20 |s 2024-11-08 |t 3 |w 2019-11-20 |y BK |k AGR | ||